| 000 | 00504nam a2200157Ia 4500 | ||
|---|---|---|---|
| 020 | _a9251032785 | ||
| 040 | _cUMC | ||
| 082 | _a333 FAO 2010 C131 Or. | ||
| 245 | 0 | 0 |
_aQuality declared planting material: _bprotocols and standards for vegetatively propagated crops |
| 300 |
_aviii, 186 pages ; _c30 cm |
||
| 490 | 1 | _aFAO plant production and protection paper, | |
| 500 | _a"M-13" -- versi t.p | ||
| 650 | 0 | _aSeeds | |
| 710 | 2 | _aFood and Agriculture Organization of the United Nations. | |
| 942 | _cAEDBB | ||
| 999 |
_c20957 _d20957 |
||